000 00592nam a2200193Ia 4500
005 20260114185827.0
008 008 260114s9999 xx 000 0 eng d
020 _a9781472543998
037 _aEBOOK
040 _aCRL
_beng
_cCRL
041 _aeng
_2eng
084 _qCRL
100 _aJames Ley
_9874881
245 4 _aThe Critic in the Modern World Public Criticism from Samuel Johnson to James Wood
260 _bBloomsbury
_c2014
856 _uhttps://doi.org/10.5040/9781472543998?locatt=label:secondary_bloomsburyCollections
942 _cEBOOK
999 _c1473815
_d1473815